Presidents of Syria Quiz - Statistics

General Stats
  • This quiz has been taken 56 times
    55 since last reset
  • The average score is 7 of 23
Answer Stats
Term President % Correct
2000–2024 Bashar al-Assad
98%
1971–2000 Hafez al-Assad
90%
2025– Ahmed al-Sharaa
83%
1958–1961 Gamal Abdel Nasser
48%
1955–1958 Shukri al-Quwatli
43%
1943–1949 Shukri al-Quwatli
43%
1953–1954 Adib Shishakli
33%
1963–1966 Amin al-Hafiz
28%
1954–1955 Hashim al-Atassi
28%
1950–1951 Hashim al-Atassi
28%
1949–1950 Hashim al-Atassi
28%
1936–1939 Hashim al-Atassi
28%
1943 Ata Bey al-Ayyubi
25%
1932–1936 Muhammad Ali Bey al-Abid
18%
1961–1963 Nazim al-Qudsi
18%
1949 Husni al-Za'im
15%
1926–1928 Ahmad Nami
13%
1966–1970 Nureddin al-Atassi
13%
1939–1941 Bahij al-Khatib
10%
1922–1925 Subhi Bey Barakat
10%
1963 Lu'ay al-Atassi
8%
1941–1943 Taj al-Din al-Hasani
8%
1951–1953 Fawzi Selu
5%
No matching quizzes found
Score Distribution
Percent of People with Each Score
Percentile by Number Answered
Your Score History
You have not taken this quiz since the last reset